| 000 -LEADER |
| fixed length control field |
01468cam a2200361 a 4500 |
| 003 - CONTROL NUMBER IDENTIFIER |
| control field |
OSt |
| 005 - DATE AND TIME OF LATEST TRANSACTION |
| control field |
20200513120722.0 |
| 008 - FIXED-LENGTH DATA ELEMENTS--GENERAL INFORMATION |
| fixed length control field |
100223s2010 nyua b 000 0 eng |
| 010 ## - LIBRARY OF CONGRESS CONTROL NUMBER |
| LC control number |
2010007934 |
| 016 7# - NATIONAL BIBLIOGRAPHIC AGENCY CONTROL NUMBER |
| Record control number |
015567020 |
| Source |
Uk |
| 020 ## - INTERNATIONAL STANDARD BOOK NUMBER |
| International Standard Book Number |
9781568988849 (alk. paper) |
| 041 1# - LANGUAGE CODE |
| Language code of text/sound track or separate title |
eng |
| Language code of original and/or intermediate translations of text |
spa |
| 043 ## - GEOGRAPHIC AREA CODE |
| Geographic area code |
e-gx--- |
| 082 00 - DEWEY DECIMAL CLASSIFICATION NUMBER |
| Classification number |
720.92 |
| Edition number |
22 |
| 100 1# - MAIN ENTRY--PERSONAL NAME |
| Personal name |
Otto, Frei, |
| Dates associated with a name |
1925-2015. |
| 240 10 - UNIFORM TITLE |
| Uniform title |
<a href="Frei Otto.">Frei Otto.</a> |
| Language of a work |
English |
| 245 12 - TITLE STATEMENT |
| Title |
A conversation with Frei Otto / |
| Statement of responsibility, etc |
Juan María Songel. |
| 250 ## - EDITION STATEMENT |
| Edition statement |
English ed. |
| 260 ## - PUBLICATION, DISTRIBUTION, ETC. (IMPRINT) |
| Place of publication, distribution, etc |
New York : |
| Name of publisher, distributor, etc |
Princeton Architectural Press, |
| Date of publication, distribution, etc |
c2010. |
| 300 ## - PHYSICAL DESCRIPTION |
| Extent |
96 p. : |
| Other physical details |
ill. ; |
| Dimensions |
21 cm. |
| 490 1# - SERIES STATEMENT |
| Series statement |
Conversations: a Princeton Architectural Press series |
| 500 ## - GENERAL NOTE |
| General note |
Originally published: Frei Otto : conversación con Juan María Songel. Barcelona, Spain : Editorial Gustavo Gili, 2008. |
| 504 ## - BIBLIOGRAPHY, ETC. NOTE |
| Bibliography, etc |
Includes bibliographical references. |
| 505 0# - FORMATTED CONTENTS NOTE |
| Formatted contents note |
The fundamentals of future architecture / Frei Otto -- A conversation with Frei Otto -- Frei Otto, investigator of the processes of form generation / Juan María Songel -- Illustration credits. |
| 546 ## - LANGUAGE NOTE |
| Language note |
Translated from the Spanish. |
| 600 10 - SUBJECT ADDED ENTRY--PERSONAL NAME |
| Personal name |
Otto, Frei, |
| Dates associated with a name |
1925-2015 |
| Form subdivision |
Interviews. |
| 650 #0 - SUBJECT ADDED ENTRY--TOPICAL TERM |
| Topical term or geographic name as entry element |
Architects |
| Geographic subdivision |
Germany |
| Form subdivision |
Interviews. |
| 650 #0 - SUBJECT ADDED ENTRY--TOPICAL TERM |
| Topical term or geographic name as entry element |
Architecture |
| Geographic subdivision |
Germany |
| General subdivision |
History |
| Chronological subdivision |
20th century. |
| 700 1# - ADDED ENTRY--PERSONAL NAME |
| Personal name |
Songel, Juan María. |
| 700 12 - ADDED ENTRY--PERSONAL NAME |
| Personal name |
Otto, Frei, |
| Dates associated with a name |
1925-2015. |
| Title of a work |
Grundlagen einer Baukunst von Morgen. |
| 830 #0 - SERIES ADDED ENTRY--UNIFORM TITLE |
| Uniform title |
Conversations with students. |
| 942 ## - ADDED ENTRY ELEMENTS (KOHA) |
| Source of classification or shelving scheme |
|